Catálogo
 En Linea

La Escuela de Párvulos de Simancas : (Registro nro. 40949)

Detalles MARC
000 -CABECERA
campo de control de longitud fija 00890nam a2200205 a 4500
001 - NÚMERO DE CONTROL
campo de control 000041459
005 - FECHA Y HORA DE LA ÚLTIMA TRANSACCIÓN
campo de control 20201002034916.0
008 - DATOS DE LONGITUD FIJA--INFORMACIÓN GENERAL
campo de control de longitud fija 131007s1996 sp ac 000 0 spa d
020 ## - NÚMERO INTERNACIONAL ESTÁNDAR DEL LIBRO
Número Internacional Estándar del Libro 8400076028
040 ## - FUENTE DE LA CATALOGACIÓN
Centro catalogador/agencia de origen DO-SdBNP
Lengua de catalogación spa
Centro/agencia transcriptor BNPHU
082 ## - NÚMERO DE LA CLASIFICACIÓN DECIMAL DEWEY
Número de clasificación xxx
Número de documento/Ítem F725e
100 1# - ENTRADA PRINCIPAL--NOMBRE DE PERSONA
Nombre de persona Formentín Ibáñez, Fausto
9 (RLIN) 68131
245 10 - MENCIÓN DE TÍTULO
Título La Escuela de Párvulos de Simancas :
Resto del título un ensayo pedagógico de la Junta para Ampliación de Estudios /
Mención de responsabilidad, etc. Justo Formentín Ibáñez; María José Villegas Sanz.
260 ## - PUBLICACIÓN, DISTRIBUCIÓN, ETC.
Lugar de publicación, distribución, etc. Madrid :
Nombre del editor, distribuidor, etc. Centro de Estudios Históricos, Consejo Superior de Investigaciones Científicas,
Fecha de publicación, distribución, etc. 1996.
300 ## - DESCRIPCIÓN FÍSICA
Extensión XI, 315 p. :
Otras características físicas il. ;
Dimensiones 21 cm.
500 ## - NOTA GENERAL
Nota general Incluye datos biograficos del autor en la solapa de la cubierta.
500 ## - NOTA GENERAL
Nota general Incluye referencias bibliográficas y notas al pie de páginas.
504 ## - NOTA DE BIBLIOGRAFÍA, ETC.
Nota de bibliografía, etc. Bibliografía: p. 297-315
700 12 - PUNTO DE ACCESO ADICIONAL--NOMBRE DE PERSONA
Nombre de persona Villegas Sanz, María José
9 (RLIN) 68132
Existencias
Estado de retiro Estado de pérdida Restricciones de uso No para préstamo Código de colección Localización permanente Ubicación/localización actual Ubicación en estantería Fecha de adquisición Número de inventario Total de préstamos Signatura topográfica completa Código de barras Fecha visto por última vez Precio válido a partir de Tipo de ítem Koha
      Excluido de préstamo Monografías: Libros y Folletos General General En catalogación 07.10.2013 LF1   xxx F725e 41459-10 25.06.2020 25.06.2020 No se presta

Con tecnología Koha